MARC details
| 000 -LEADER |
| fixed length control field |
01593nam a22003251u 4500 |
| 001 - CONTROL NUMBER |
| control field |
04746 |
| 003 - CONTROL NUMBER IDENTIFIER |
| control field |
HDC |
| 007 - PHYSICAL DESCRIPTION FIXED FIELD--GENERAL INFORMATION |
| fixed length control field |
cr bn ---aaaaa |
| 008 - FIXED-LENGTH DATA ELEMENTS--GENERAL INFORMATION |
| fixed length control field |
210117p2014 fo d 00 engg |
| 040 ## - CATALOGING SOURCE |
| Original cataloging agency |
HDC |
| 100 ## - MAIN ENTRY--PERSONAL NAME |
| Personal name |
Zakiah Samori |
| Relator term |
author |
| 9 (RLIN) |
528 |
| 245 #0 - TITLE STATEMENT |
| Title |
Understanding the Development of Halal Food Standard: Suggestion for Future Research / by |
| Statement of responsibility, etc. |
Zakiah Samori, Amal Hayati Ishak, Nurul Himmah Kassan |
| 260 ## - PUBLICATION, DISTRIBUTION, ETC. |
| Place of publication, distribution, etc. |
[no place] : |
| Name of publisher, distributor, etc. |
[publisher not identified] , |
| 260 ## - PUBLICATION, DISTRIBUTION, ETC. |
| Place of publication, distribution, etc. |
Singapore: |
| Name of publisher, distributor, etc. |
IACSIT Press, |
| Date of publication, distribution, etc. |
2014 |
| 300 ## - PHYSICAL DESCRIPTION |
| Extent |
1 online resource (5 pages) |
| 336 ## - CONTENT TYPE |
| Content type term |
text |
| Source |
rdacontent |
| 337 ## - MEDIA TYPE |
| Media type term |
computer |
| Source |
rdamedia |
| 338 ## - CARRIER TYPE |
| Carrier type term |
online resource |
| Source |
rdacarrier |
| 500 ## - GENERAL NOTE |
| General note |
Extract from: International Journal of Social Science and Humanity, 2014, volume 4, number 6 (pages 482-486) |
| -- |
Includes bibliographical references |
| 650 ## - SUBJECT ADDED ENTRY--TOPICAL TERM |
| Topical term or geographic name entry element |
Halal food standard |
| 9 (RLIN) |
4954 |
| 650 ## - SUBJECT ADDED ENTRY--TOPICAL TERM |
| Topical term or geographic name entry element |
halal logo |
| 9 (RLIN) |
1692 |
| 700 ## - ADDED ENTRY--PERSONAL NAME |
| Personal name |
Amal Hayati Ishak |
| Relator term |
author |
| 9 (RLIN) |
4855 |
| 700 ## - ADDED ENTRY--PERSONAL NAME |
| Personal name |
Nurul Himmah Kassan |
| Relator term |
author |
| 9 (RLIN) |
4856 |
| 856 ## - ELECTRONIC LOCATION AND ACCESS |
| Public note |
Request full-text at [email protected] |
| 856 ## - ELECTRONIC LOCATION AND ACCESS |
| Public note |
Request full-text at [email protected] |
| 856 ## - ELECTRONIC LOCATION AND ACCESS |
| Public note |
Request full-text at [email protected] |
| 942 ## - ADDED ENTRY ELEMENTS (KOHA) |
| Source of classification or shelving scheme |
Library of Congress Classification |
| 942 ## - ADDED ENTRY ELEMENTS (KOHA) |
| Koha item type |
Articles |
| 942 ## - ADDED ENTRY ELEMENTS (KOHA) |
| Call number prefix |
JART 001210 |